Verdades en pocas palabras / (Registro nro. 155281)

Detalles MARC
000 -LEADER
campo de control de longitud fija 00631nam a22001935i 4500
001 - NÚMERO DE CONTROL
campo de control 155281
003 - IDENTIFICADOR DE NÚMERO DE CONTROL
campo de control ES-MaACL
005 - FECHA Y HORA DE LA ÚLTIMA TRANSACCIÓN
campo de control 20250803063058.0
008 - DATOS DE LONGITUD FIJA--INFORMACIÓN GENERAL
campo de control de longitud fija 991116s1895 sp |||| | spa d
040 ## - FUENTE DE CATALOGACIÓN
Centro catalogador/agencia de origen M-RAJU
Lengua de catalogación spa
Centro/agencia transcriptor M-RAJU
Centro/agencia modificador CCPB | B
100 1# - ENTRADA PRINCIPAL--NOMBRE DE PERSONA
Nombre de persona Heredia, Narciso de Heredia,
Títulos y otros términos asociados al nombre Marqués de,
Fechas asociadas al nombre 1832-1912
9 (RLIN) 127878
245 10 - MENCIÓN DEL TÍTULO
Título Verdades en pocas palabras /
Mención de responsabilidad, etc. por el Marqués de Heredia.
250 ## - MENCION DE EDICION
Mención de edición 2ª ed.
260 ## - PUBLICACIÓN, DISTRIBUCIÓN, ETC.
Lugar de publicación, distribución, etc. Bilbao :
Nombre del editor, distribuidor, etc. [s.n.],
Fecha de publicación, distribución, etc. 1895 (
Fabricante Imp. La Propaganda)
300 ## - DESCRIPCIÓN FÍSICA
Extensión 223 p. ;
Dimensiones 14 cm.
650 #7 - PUNTO DE ACCESO ADICIONAL DE MATERIA--TÉRMINO DE MATERIA
Término de materia o nombre geográfico como elemento de entrada Esgrima
Fuente del encabezamiento o término embne
9 (RLIN) 12459
852 ## - LOCALIZACIÓN
Ubicación ES-MaACL
Número de control de estantería F-1192
Nota libre -- Enc. tela
Existencias
Estatus retirado Estado de pérdida Estado de daño No para préstamo Colección Biblioteca de origen Biblioteca actual Ubicación en estantería Fecha de adquisición Fuente de adquisición Total de préstamos Signatura topográfica completa Código de barras Visto por última vez Precio de reemplazo Tipo de ítem Koha
        Libros del s. XIX Biblioteca del Ateneo de Madrid Biblioteca del Ateneo de Madrid Depósito 2 17/01/2008     F-1192 1162432 23/02/2023 23/02/2023 Libro impreso antiguo